|
|
|
|
| LEADER |
00000nab a2200000ua 4500 |
| 001 |
vtls010834396 |
| 003 |
SK-MaSNL |
| 005 |
20260303104158.0 |
| 008 |
230121s1988 xo |||||||||||||||||slo| |
| 035 |
|
|
|a (urnnbn)urn:nbn:sk:snk:ar-a06oef
|
| 035 |
|
|
|a urn:nbn:sk:snk-ab5ylk
|
| 035 |
|
|
|a (uuid)75c7907b-3ac2-465a-9ef9-19067ec0748c
|
| 040 |
|
|
|a SNKBUCL
|b slo
|c SNKBUCL
|e AACR2
|
| 041 |
0 |
|
|a slo
|
| 044 |
|
|
|a xo
|c SK
|
| 100 |
1 |
|
|a Zaliberová, M.
|4 aut
|9 1118458
|
| 245 |
1 |
0 |
|a Jubileum RNDr. Terézie SCHWARZOVEJ
|c M. Zaliberová
|
| 773 |
0 |
|
|t Bulletin Slovenskej botanickej spoločnosti pri Slovenskej akadémii vied
|g Roč. 10, č. 1 (1988), s. 32-33
|
| 954 |
|
|
|a odborná, vedecká literatúra pôvodná (slovenská)
|2 lita
|
| 958 |
|
|
|a OND
|
| 958 |
|
|
|a EUIPO
|
| 958 |
|
|
|a article5
|
| 999 |
|
|
|c 1854813
|d 1856743
|